Mi Puerto Rico [Disco compacto] (Record no. 11199)

MARC details
000 - LÍDER
campo de control de longitud fija 00974nam a2200169Ia 4500
008 - ELEMENTOS DE DATOS DE LONGITUD FIJA - INFORMACIÓN GENERAL
campo de control de longitud fija 0000002007 pr 0000000000spa00
090 ## - NÚMERO DE LLAMADA DE TIPO LC LOCALMENTE ASIGNADO (OCLC)
Número de clasificación (OCLC) (R) PPR02 M36m
245 10 - TÍTULO DECLARACIÓN
Título Mi Puerto Rico [Disco compacto]
Resto del título : Master Painters of the Island, 17801952
260 ## - PUBLICACIÓN, DISTRIBUCIÓN
Lugar de publicación Washington : The Newark Museum
Fecha de publicación 2007
300 ## - DESCRIPCIÓN FÍSICA
Alcance 1 Cd Rom bajo Windows ; 12 cm.
500 ## - NOTA GENERAL
Nota general Exposición realizada en The Newark Museum, Washington, febrero 16 abril 15, 2007 \ Incluye datos biográficos del artista \ Documentos en formato JPEG y DOC \ Registro auspiciado por la FGAA. Bogotá
505 ## - NOTA DE CONTENIDO FORMATEADA
Nota sobre el contenido formateado José Campeche y Jordán Ramón Atiles y Pérez Francisco Oller y Cestero Manuel E. Jordán José Cuchí y Arnau FéliX Medina González Ramón Frade León Miguel Pou y Becerra
650 14 - ENTRADA DE SUJETO AÑADIDO - TÉRMINO TÓPICO
Término tópico o elemento de entrada del nombre geográfico ARTE CONTEMPORANEO PUERTORRIQUEÑO CDROM
650 14 - ENTRADA DE SUJETO AÑADIDO - TÉRMINO TÓPICO
Término tópico o elemento de entrada del nombre geográfico ARTISTAS PLASTICOS PUERTORRIQUEÑOS CDROM
650 14 - ENTRADA DE SUJETO AÑADIDO - TÉRMINO TÓPICO
Término tópico o elemento de entrada del nombre geográfico PINTURA AL OLEO CDROM
650 14 - ENTRADA DE SUJETO AÑADIDO - TÉRMINO TÓPICO
Término tópico o elemento de entrada del nombre geográfico PINTURA PUERTORRIQUEÑA CDROM
Holdings
Estado de retirada Pérdida de estatus Estado dañado No para préstamo Código de recogida Ubicación permanente Ubicación actual Ubicación de las estanterías Fecha de adquisición Número de llamada completo Código de barras Fecha de la última vez que se vio Número de copia Precio efectivo desde Tipo de artículo Koha
        General ArtNexus ArtNexus General 06/09/2022 P-PR-02 M36M 11304 06/09/2022 Ej.1 06/09/2022 Libro

Powered by Koha